Chuyện hay toán học

Saved in:
Bibliographic Details
Main Author: Chuyện hay toán học
Format: Book
Language:Undetermined
Published: Tp. HCM Trẻ 2000
Subjects:
Tags: Add Tag
No Tags, Be the first to tag this record!
Institutions: Trung tâm Học liệu Trường Đại học Cần Thơ
LEADER 00564nam a2200169Ia 4500
001 CTU_36471
008 210402s9999 xx 000 0 und d
082 |a 500 
082 |b Kh400c 
100 |a Chuyện hay toán học 
245 0 |a Chuyện hay toán học 
245 0 |c Chuyện hay toán học, Huy Song Tường, Ngãi Dương, Phùng Huệ Ngư; Dịch giả: Võ Mai Lý 
260 |a Tp. HCM 
260 |b Trẻ 
260 |c 2000 
650 |a knowledge,mathematics,science 
980 |a Trung tâm Học liệu Trường Đại học Cần Thơ